[Event "COL-ch sf"]
[Site "Medellin"]
[Date "2018.03.17"]
[Round "6"]
[White "Garces Trujillo, Luis Javier"]
[Black "Castro, Natalia Patricia"]
[Result "1/2-1/2"]
[WhiteElo "1875"]
[BlackElo "2060"]
[PlyCount "112"]
[EventDate "2018.03.14"]
[EventType "swiss"]
[EventRounds "10"]
[EventCountry "COL"]
[SourceTitle "CBM 183 Extra"]
[Source "ChessBase"]
[SourceDate "2018.04.19"]
[SourceVersion "1"]
[SourceVersionDate "2018.04.19"]
[SourceQuality "1"]

1. d4 d5 2. c4 c6 3. Nc3 Nf6 4. Nf3 e6 5. e3 Nbd7 6. Bd3 dxc4 7. Bxc4 b5 8. Be2 a6 9. 0-0 Be7 10. b3 Bb7 11. Bb2 0-0 12. Rc1 c5 13. Qd3 Qb6 14. e4 cxd4 15. Nxd4 Nc5 16. Qh3 Ncxe4 17. Nxe4 Nxe4 18. Bd3 Bf6 19. Qe3 Nd6 20. Rfd1 g6 21. Qg3 Bg7 22. h4 Bxd4 23. Bxd4 Qxd4 24. Bf1 Nf5 25. Rxd4 Nxg3 26. fxg3 Rfd8 27. Rcd1 Rxd4 28. Rxd4 Bd5 29. a4 Bxb3 30. axb5 axb5 31. Bxb5 Bd5 32. Rd2 h5 33. Be2 f5 34. Kf2 Kf7 35. Bf3 Ra5 36. Ke3 Ra3+ 37. Kf2 Ra2 38. Rxa2 Bxa2 39. Bc6 Kf6 40. Bb5 Bd5 41. Ba4 e5 42. Bb5 Ke7 43. Ba4 Bf7 44. Ke3 Be8 45. Bb3 Bc6 46. Kf2 Kf6 47. Bc4 g5 48. Bb3 f4 49. hxg5+ Kxg5 50. gxf4+ Kxf4 51. g3+ Kg5 52. Ke3 e4 53. Bd1 Bb7 54. Be2 Bc6 55. Bd1 h4 56. gxh4+ Kxh4 1/2-1/2

[Event "COL-ch sf"]
[Site "Medellin"]
[Date "2018.03.16"]
[Round "5"]
[White "Castro, Natalia Patricia"]
[Black "Rivera, Ingris"]
[Result "0-1"]
[WhiteElo "2060"]
[BlackElo "2228"]
[PlyCount "90"]
[EventDate "2018.03.14"]
[EventType "swiss"]
[EventRounds "10"]
[EventCountry "COL"]
[SourceTitle "CBM 183 Extra"]
[Source "ChessBase"]
[SourceDate "2018.04.19"]
[SourceVersion "1"]
[SourceVersionDate "2018.04.19"]
[SourceQuality "1"]

1. d4 Nf6 2. Nc3 d5 3. Bg5 Nbd7 4. Nf3 e6 5. Ne5 Be7 6. Qd3 c5 7. Nxd7 Bxd7 8. dxc5 Qa5 9. Bd2 Qxc5 10. e4 dxe4 11. Nxe4 Nxe4 12. Qxe4 Bc6 13. Qe3 Qxc2 14. Bd3 Qxb2 15. 0-0 Rd8 16. Rfb1 Qd4 17. Qxd4 Rxd4 18. Rb3 Bf6 19. Rc1 0-0 20. Be3 Rd7 21. h3 g6 22. a3 Rfd8 23. Be2 Bd4 24. Bg5 f6 25. Bh6 Kf7 26. h4 Bd5 27. Rb4 e5 28. Bg4 Be6 29. Bf3 b6 30. Bc6 Rd6 31. Ba4 Bc5 32. Rbb1 Rd4 33. Bb5 Rxh4 34. Be3 Rc8 35. Ba6 Rc7 36. Bb5 Re4 37. Kf1 Ke7 38. Ke2 Bf5 39. Rb3 Bd6 40. Rh1 h5 41. f3 Rc2+ 42. Kd1 Rxe3 43. Rxe3 Rb2 44. Bd3 Bxd3 45. Rxd3 Rb1+ 0-1

[Event "Medellin Navideno op"]
[Site "Medellin"]
[Date "2016.12.20"]
[Round "6"]
[White "Castro, Natalia Patricia"]
[Black "Uribe Valencia, Victor Alexis"]
[Result "1/2-1/2"]
[WhiteElo "2054"]
[BlackElo "1836"]
[PlyCount "80"]
[EventDate "2016.12.16"]
[EventType "swiss"]
[EventRounds "7"]
[EventCountry "COL"]
[SourceTitle "CBM 176 Extra"]
[Source "ChessBase"]
[SourceDate "2017.03.02"]
[SourceVersion "1"]
[SourceVersionDate "2017.03.02"]
[SourceQuality "1"]

1. d4 Nf6 2. Nc3 d5 3. Bg5 Nbd7 4. Nf3 h6 5. Bh4 e6 6. e3 c5 7. Be2 Be7 8. 0-0 0-0 9. Ne5 Nxe5 10. dxe5 Ne4 11. Nxe4 dxe4 12. Qxd8 Bxd8 13. Bxd8 Rxd8 14. Rad1 Bd7 15. Rd6 Bc6 16. Rfd1 Rxd6 17. Rxd6 Kf8 18. c4 Ke7 19. Rd2 Rd8 20. Rc2 Ba4 21. b3 Bc6 22. Kf1 Rd7 23. Ke1 Kd8 24. f4 exf3 25. gxf3 Ke7 26. Kf2 f6 27. exf6+ Kxf6 28. e4 e5 29. Ke3 Rd4 30. Rc1 g5 31. Rg1 Bd7 32. Rg3 h5 33. Rg1 h4 34. Rc1 a5 35. Rb1 Bc6 36. Bd3 Rd7 37. Bf1 Rd4 38. Bd3 Rd7 39. Bf1 Rd4 40. Bd3 Rd7 1/2-1/2

[Event "COL pre olympic sf (Women)"]
[Site "Bogota"]
[Date "2016.05.30"]
[Round "9"]
[White "Argote Heredia, Valentina"]
[Black "Castro, Natalia Patricia"]
[Result "0-1"]
[WhiteElo "2021"]
[BlackElo "2054"]
[PlyCount "86"]
[EventDate "2016.05.25"]
[EventType "swiss"]
[EventRounds "9"]
[EventCountry "COL"]
[SourceTitle "CBM 172 Extra"]
[Source "ChessBase"]
[SourceDate "2016.06.21"]
[SourceVersion "1"]
[SourceVersionDate "2016.06.21"]
[SourceQuality "1"]

1. e4 c5 2. Nf3 Nc6 3. d4 cxd4 4. Nxd4 e5 5. Nb3 Nf6 6. Nc3 Bb4 7. Bg5 h6 8. Bxf6 Bxc3+ 9. bxc3 Qxf6 10. Bc4 d6 11. 0-0 0-0 12. Bd5 Qg5 13. Kh1 Bd7 14. Re1 Rad8 15. Nd2 Kh8 16. Nc4 Bc8 17. Re3 Ne7 18. Rg3 Qh4 19. Ne3 f5 20. Rh3 Qxf2 21. Rf3 Qh4 22. exf5 Nxf5 23. Nxf5 Rxf5 24. Rxf5 Bxf5 25. Bxb7 Qf2 26. Rc1 e4 27. Qf1 Qxf1+ 28. Rxf1 e3 29. Re1 Rb8 30. Bd5 Bxc2 31. g4 Rb5 32. c4 Rb1 33. Rxb1 Bxb1 34. Kg2 Bxa2 35. Kf3 g5 36. Kxe3 Kg7 37. Kd4 Kf6 38. Be4 Bb3 39. Bf3 a5 40. Kd5 a4 41. Kxd6 a3 42. c5 a2 43. c6 a1Q 0-1

[Event "COL pre olympic sf (Women)"]
[Site "Bogota"]
[Date "2016.05.29"]
[Round "8"]
[White "Castro, Natalia Patricia"]
[Black "Hernandez Fonseca, Maria Paula"]
[Result "1-0"]
[WhiteElo "2054"]
[BlackElo "1932"]
[PlyCount "99"]
[EventDate "2016.05.25"]
[EventType "swiss"]
[EventRounds "9"]
[EventCountry "COL"]
[SourceTitle "CBM 172 Extra"]
[Source "ChessBase"]
[SourceDate "2016.06.21"]
[SourceVersion "1"]
[SourceVersionDate "2016.06.21"]
[SourceQuality "1"]

1. d4 Nf6 2. Nc3 d5 3. Bg5 Nbd7 4. f3 c6 5. e3 e6 6. Bd3 c5 7. Bb5 a6 8. Bxd7+ Bxd7 9. f4 b5 10. Nf3 Be7 11. 0-0 b4 12. Ne2 Ne4 13. Bxe7 Qxe7 14. Ng3 Nxg3 15. hxg3 0-0 16. Kf2 f6 17. Rh1 Be8 18. a3 a5 19. g4 Bg6 20. dxc5 Qxc5 21. Nd4 Qc8 22. axb4 e5 23. Nf5 Bxf5 24. gxf5 Qxf5 25. Qxd5+ Kh8 26. Qd3 Qxd3 27. cxd3 axb4 28. Rxa8 Rxa8 29. fxe5 fxe5 30. Rh4 Rb8 31. Re4 Rc8 32. Rxb4 Rc2+ 33. Kf3 h6 34. g4 Kh7 35. Ke4 Rc5 36. Rb6 Ra5 37. b4 Ra3 38. b5 Rb3 39. d4 exd4 40. exd4 Rg3 41. Kf4 Rd3 42. Ke5 Rg3 43. d5 Rxg4 44. d6 Rg1 45. d7 Re1+ 46. Kd6 Rd1+ 47. Ke7 h5 48. Rd6 Re1+ 49. Re6 Rd1 50. d8Q 1-0

[Event "COL pre olympic sf (Women)"]
[Site "Bogota"]
[Date "2016.05.29"]
[Round "7"]
[White "Munoz Monroy, Cinthya Carolina"]
[Black "Castro, Natalia Patricia"]
[Result "0-1"]
[WhiteElo "1936"]
[BlackElo "2054"]
[PlyCount "78"]
[EventDate "2016.05.25"]
[EventType "swiss"]
[EventRounds "9"]
[EventCountry "COL"]
[SourceTitle "CBM 172 Extra"]
[Source "ChessBase"]
[SourceDate "2016.06.21"]
[SourceVersion "1"]
[SourceVersionDate "2016.06.21"]
[SourceQuality "1"]

1. e4 b6 2. d4 Bb7 3. Nc3 e6 4. Bd3 Nf6 5. Nf3 Bb4 6. Qe2 d5 7. exd5 Nxd5 8. Bd2 Bd6 9. 0-0 Nxc3 10. bxc3 h6 11. a4 a5 12. Rfe1 0-0 13. Ne5 Nd7 14. f4 c5 15. Rab1 Nf6 16. Nc4 Rb8 17. Rxb6 Bc7 18. Rb5 cxd4 19. cxd4 Bc6 20. Rxb8 Qxb8 21. Ne5 Bxa4 22. Ra1 Bd7 23. Bxa5 Qb2 24. Qe1 Qxd4+ 25. Kh1 Bxa5 26. Qxa5 Qxf4 27. Rf1 Qg5 28. Qc7 Nd5 29. Qd6 Ne3 30. Rg1 Bc8 31. Nf3 Qh5 32. Bh7+ Kxh7 33. Qxf8 Bb7 34. Qa3 Ng4 35. h3 Nf2+ 36. Kh2 Nxh3 37. Qd3+ g6 38. gxh3 Bxf3 39. Rf1 Qe5+ 0-1